00739nam a22002417a 450000500170000001000130001702000250003003500130005503700160006804000120008408200170009610000210011324501270013424600060026125000120026726000560027927000260033530000270036150000320038865000220042065000310044270000240047320170124105917.0 aB-168516 a1100.00c18002376124 aB-168516 bCen Lib/Ret aDPLbEN a027.473bBAK aBaker, Sharon L. aResponsive public library :c by Sharon L. Baker [and] Karen L. Wallace bhow to develop and market a winning collection / b  a2nd ed. b A Division Greenwood Publishing c2002aEnglewood  bEnglewood e801156633 axvii, 364p.c25cm(pbk) aIncludes appendix and index aLibrary sciences  aCollection Developmentsx  aWallace, Karen L.